000
00360nam a2200145Ia 4500
008
230312s9999||||xx |||||||||||||| ||und||
020
_a
9789699739057
082
_a
891.4
_b
HER-T
100
_a
ہیرالڈلیم
245
0
_a
تاریخِ سلطنتِ عثمانیہ
260
_b
Jamhori
_a
pak
_c
2012
300
_a
352
650
_a
Literature
942
_c
BK
999
_c
15023
_d
15023